|
|
|
|
| LEADER |
01277nam a2200265 u 4500 |
| 001 |
10117816 |
| 003 |
GR-PaULI |
| 005 |
20210117205604.0 |
| 008 |
151007s1996 gr f gre d |
| 020 |
|
|
|a 9603092770
|
| 040 |
|
|
|a GR-PaULI
|c GR-PaULI
|b gre
|e AACR2
|
| 041 |
0 |
|
|a gre
|
| 082 |
0 |
4 |
|a 889.334
|2 23
|
| 100 |
1 |
|
|a Μπενόπουλος, Βασίλης
|9 146629
|e συγγραφέας
|
| 245 |
1 |
0 |
|a Μόρσιμα :
|b διηγήματα /
|c Βασίλης Μπενόπουλος.
|
| 260 |
|
|
|a Αθήνα :
|b Δελφίνι,
|c 1996.
|
| 300 |
|
|
|a 135 σ. ;
|c 21 εκ.
|
| 490 |
1 |
|
|a Σύγχρονη ελληνική λογοτεχνία
|
| 760 |
0 |
|
|a Σύγχρονη ελληνική λογοτεχνία
|
| 852 |
|
|
|a GR-PaULI
|b ΠΑΤΡΑ
|b ΒΚΠ
|b ΔΩΡ
|k ΑΣΧΕ
|h 889.334 ΜΠΕ
|m 128534
|p 025000246318
|t 1
|g ΒΑΛ
|
| 942 |
|
|
|2 ddc
|c BK15
|
| 952 |
|
|
|0 0
|1 0
|4 0
|6 889_334000000000000_ΜΠΕ
|7 0
|9 184920
|a LISP
|b LISP
|d 2016-04-24
|e ΒΑΛ
|i 128534
|l 0
|o 889.334 ΜΠΕ
|p 025000246318
|r 2016-04-24 00:00:00
|t 1
|v 2016.00
|w 2016-04-24
|y BK15
|
| 952 |
|
|
|0 0
|1 0
|2 ddc
|4 0
|6 889_334000000000000_ΜΠΕ
|7 0
|9 206198
|a LISP
|b LISP
|c DON
|d 2016-10-07
|e ΒΑΛ
|i 127464
|l 0
|o 889.334 ΜΠΕ
|p 025000245459
|r 2016-10-07 00:00:00
|t 2
|v 2016.00
|w 2016-10-07
|y BKD
|
| 998 |
|
|
|c ΣΑΤΛΑΝΗΣ
|d 2015-10
|
| 999 |
|
|
|c 113962
|d 113962
|